[Event "CRO-chT2 West"]
[Site "Croatia"]
[Date "2015.03.22"]
[Round "6.6"]
[White "Safar, Sandro"]
[Black "Dragic, Marko"]
[Result "1-0"]
[WhiteElo "1823"]
[BlackElo "1613"]
[PlyCount "43"]
[EventDate "2015.02.21"]
[EventType "team-tourn"]
[EventRounds "9"]
[EventCountry "CRO"]
[SourceTitle "EXT 2016"]
[Source "ChessBase"]
[SourceDate "2015.10.08"]
[SourceVersion "1"]
[SourceVersionDate "2015.10.08"]
[SourceQuality "1"]
[WhiteTeam "Rijeka Junior"]
[BlackTeam "Rovinj Batana"]
[WhiteTeamCountry "CRO"]
[BlackTeamCountry "CRO"]

1. e4 c5 2. Nf3 Nc6 3. d4 cxd4 4. Nxd4 d6 5. Nc3 a6 6. Be3 Nf6 7. f3 Bd7 8. Nb3 b5 9. Qd2 h6 10. 0-0-0 Qc7 11. g4 Ne5 12. Nd4 Nc4 13. Bxc4 Qxc4 14. h4 g6 15. g5 hxg5 16. hxg5 Nh5 17. f4 Bg7 18. f5 0-0 19. Rdg1 b4 20. Nd5 Qxa2 21. Nxe7+ Kh7 22. Qe2 1-0